书目信息 |
| 题名: |
手风琴练习曲集 四
|
|
| 作者: | 车尔尼 曲 ;奥热霍夫斯基 编 | |
| 分册: | ||
| 出版信息: | 北京 人民音乐出版社 1982.7 |
|
| 页数: | 97页 | |
| 开本: | 8 | |
| 丛书名: | ||
| 单 册: | ||
| 中图分类: | J657.43 | |
| 科图分类: | ||
| 主题词: | 外国音乐--作品 , 音乐--各国--作品 | |
| 电子资源: | ||
| ISBN: | ||
| 000 | 00611nam0 2200217 45 | |
| 001 | 0312221749 | |
| 005 | 20061118102539.76 | |
| 010 | @dCNY3.55 | |
| 100 | @a20031222d1982 km y0chiy0120 ea | |
| 101 | @achi | |
| 105 | @a z 000yy | |
| 200 | 1 | @a手风琴练习曲集 四@AShou Feng Qin Lian Xi Qu Ji Si@f车尔尼曲@FChe Er Ni Qu@g(波)奥热霍夫斯基编 |
| 210 | @a北京@c人民音乐出版社@d1982.7 | |
| 215 | @a97页@d8 | |
| 606 | 0 | @a外国音乐@x作品 |
| 606 | 0 | @a音乐@y各国@x作品 |
| 690 | @aJ657.43@v3 | |
| 701 | 0 | @a车尔尼@4曲 |
| 702 | 0 | @a奥热霍夫斯基@4编 |
| 801 | @aCN@bTSTCL@c20061118 | |
| 905 | @a213230@dJ657.43@e149=4 | |
| 手风琴练习曲集 四/车尔尼曲/(波)奥热霍夫斯基编.-北京:人民音乐出版社,1982.7 |
| 97页;8 |
| ISBN :CNY3.55 |
| ● |
| 相关链接 |
|
|
|
|
正题名:手风琴练习曲集 四
索取号:J657.43/149=4
 
预约/预借
| 序号 | 登录号 | 条形码 | 馆藏地/架位号 | 状态 | 备注 |
| 1 | 0219455 | 001704025 | 第一样本阅览室/ [索取号:J657.43/149=4] | 在馆 |